[Event "Pardubice Region-chT 2223"]
[Site "Czech Republic"]
[Date "2022.11.13"]
[Round "3.8"]
[White "Makes, Martin"]
[Black "Chvojka, Jan"]
[Result "1-0"]
[WhiteElo "1988"]
[BlackElo "1621"]
[PlyCount "55"]
[EventDate "2022.10.09"]
[EventType "team-tourn"]
[EventRounds "11"]
[EventCountry "CZE"]
[SourceTitle "EXT 2024"]
[Source "ChessBase"]
[SourceDate "2023.10.10"]
[SourceVersion "1"]
[SourceVersionDate "2023.10.10"]
[SourceQuality "1"]

1. d4 Nf6 2. c4 d5 3. Nc3 e6 4. Bg5 Be7 5. e3 Nbd7 6. Nf3 c5 7. Bxf6 Nxf6 8. dxc5 Bxc5 9. cxd5 exd5 10. Bb5+ Bd7 11. Qa4 Qe7 12. Bxd7+ Qxd7 13. Qxd7+ Kxd7 14. 0-0-0 Rac8 15. Nxd5 Bxe3+ 16. Kb1 Nxd5 17. Rxd5+ Kc6 18. Rf5 g6 19. Rf6+ Kd7 20. fxe3 Ke7 21. Rf4 f5 22. Rc1 h6 23. e4 Ke6 24. exf5+ gxf5 25. Rxc8 Rxc8 26. Nd4+ Ke5 27. g3 Rd8 28. Nf3+ 1-0

[Event "CZE-chT2V 9899"]
[Site "Czech Republic"]
[Date "1998.??.??"]
[Round "?"]
[White "Lorenc, Oldrich"]
[Black "Makes, Martin"]
[Result "1/2-1/2"]
[WhiteElo "2225"]
[BlackElo "2155"]
[PlyCount "38"]
[EventDate "1998.??.??"]
[EventType "team"]
[EventRounds "11"]
[EventCountry "CZE"]
[SourceTitle "EXT 2000"]
[Source "ChessBase"]
[SourceDate "1999.11.16"]
[SourceVersion "1"]
[SourceVersionDate "1999.11.16"]
[SourceQuality "1"]

1. e4 c6 2. d4 d5 3. Nc3 dxe4 4. Nxe4 Nf6 5. Nxf6+ exf6 6. Bc4 Bd6 7. Qe2+ Qe7 8. Qxe7+ Bxe7 9. Bf4 Be6 10. Bb3 Nd7 11. Nf3 0-0-0 12. 0-0-0 Nb6 13. Rhe1 Bd6 14. Bg3 Rhe8 15. Rd3 Bxg3 16. hxg3 Bxb3 17. axb3 Rxe1+ 18. Nxe1 Re8 19. Kd2 Nd5 1/2-1/2